| 000 | 00808nam a22002531 4500 | ||
|---|---|---|---|
| 001 | 34624 | ||
| 003 | BD-RjUL | ||
| 005 | 20211209052204.0 | ||
| 008 | 140518s1963 nyu b 100 0 eng | ||
| 035 | _a(BD-RjUL) 34718 | ||
| 040 |
_aDLC _cDLC _dBD-RjUL _beng |
||
| 041 | _aeng | ||
| 082 | 0 | 0 |
_a301.42 _bHEL 1963 |
| 245 | 1 | 0 |
_aHelping the family in urban society / _cedited by Fred DelliQuadri. |
| 260 |
_aNew York : _bColumbia University Press, _cc1963. |
||
| 300 |
_axii, 184 p. ; _c21 cm. |
||
| 500 | _aSelected papers presented at its 89th annual forum held in New York in 1962. | ||
| 504 | _aBibliographical footnotes. | ||
| 650 | 0 |
_aFamily social work _xCongresses. _9105332 |
|
| 700 | 1 |
_aDelliQuadri, Fred _eed. _9105333 |
|
| 942 |
_2ddc _cBK |
||
| 999 |
_c34624 _d34624 |
||